[Event "Titled Tuesday intern op 06th Feb Late"]
[Site "Chess.com INT"]
[Date "2024.02.06"]
[Round "7"]
[White "Seemann, Jakub"]
[Black "Mkrtchyan, Mikayel"]
[Result "1-0"]
[WhiteElo "2439"]
[BlackElo "2071"]
[PlyCount "133"]
[EventDate "2024.02.06"]
[EventType "swiss (blitz)"]
[EventRounds "11"]
[EventCountry "USA"]
[SourceTitle "CB07_2024"]
[SourceDate "2024.02.14"]
[SourceVersion "1"]
[SourceVersionDate "2024.02.14"]
[SourceQuality "1"]

1. b3 d5 2. Bb2 Bf5 3. f3 c5 4. e4 dxe4 5. fxe4 Bxe4 6. Nc3 Bg6 7. Nf3 Nf6 8. Bb5+ Nbd7 9. Qe2 a6 10. Bxd7+ Qxd7 11. 0-0-0 e6 12. d4 c4 13. d5 0-0-0 14. Qxc4+ Qc7 15. Qxc7+ Kxc7 16. dxe6 Rxd1+ 17. Rxd1 fxe6 18. Ne5 Bd6 19. Nxg6 hxg6 20. h3 Rd8 21. Ne2 Nh5 22. Kb1 Nf4 23. Rxd6 Nxe2 24. Rxd8 Kxd8 25. Be5 b5 26. c3 Kd7 27. Kc2 Kc6 28. Kd3 Nc1+ 29. Kc2 Kd5 30. Bh2 Nxa2 31. Kb2 Nxc3 32. Kxc3 a5 33. Bc7 a4 34. bxa4 bxa4 35. Kb4 e5 36. Kxa4 Kd4 37. Kb3 e4 38. Kc2 Ke3 39. g4 Kf3 40. g5 Kf2 41. Kd1 e3 42. Bb6 Kf3 43. Ke1 Kg3 44. Ke2 Kxh3 45. Bxe3 Kg4 46. Bc1 Kf5 47. Kd3 Ke6 48. Ke4 Kd6 49. Kd4 Ke6 50. Kc5 Ke5 51. Bd2 Ke6 52. Kc6 Ke7 53. Kc7 Ke6 54. Kd8 Kf7 55. Kd7 Kf8 56. Ke6 Kg8 57. Ke7 Kh8 58. Kf7 Kh7 59. Bc1 Kh8 60. Kxg6 Kg8 61. Bb2 Kf8 62. Bxg7+ Kg8 63. Bf6 Kf8 64. Kh7 Kf7 65. Bb2 Ke6 66. g6 Kd5 67. g7 1-0

[Event "Titled Tuesday intern op 12th Sep Early"]
[Site "Chess.com INT"]
[Date "2023.09.12"]
[Round "1"]
[White "Mkrtchyan, Mikayel"]
[Black "Stankovic, Boris"]
[Result "1-0"]
[WhiteElo "2035"]
[BlackElo "2264"]
[PlyCount "71"]
[EventDate "2023.09.12"]
[EventType "swiss (blitz)"]
[EventRounds "11"]
[EventCountry "USA"]
[SourceTitle "EXT 2024"]
[Source "ChessBase"]
[SourceDate "2023.10.10"]
[SourceVersion "1"]
[SourceVersionDate "2023.10.10"]
[SourceQuality "1"]

1. e4 c5 2. Nf3 Nc6 3. d4 cxd4 4. Nxd4 Nf6 5. Nc3 e6 6. a3 d5 7. exd5 Nxd5 8. Nxd5 Qxd5 9. Nxc6 Qxc6 10. Be3 Be7 11. Qd2 0-0 12. 0-0-0 b5 13. Bd3 b4 14. axb4 Qa4 15. c3 Bb7 16. Qc2 Qxc2+ 17. Bxc2 Bxg2 18. Rhg1 Bf3 19. Rd7 Bf6 20. Rg3 Bc6 21. Rc7 Bd5 22. Rxa7 Be5 23. Rh3 Rac8 24. Bxh7+ Kh8 25. Bc5 Bg2 26. Rh5 Bf4+ 27. Kc2 Bf3 28. Rh3 Bg2 29. Rh4 Bg5 30. Rh5 Bf3 31. Rxg5 Kxh7 32. Bxf8 Rxf8 33. b5 f6 34. Rg3 Be4+ 35. Kb3 e5 36. Rgxg7+ 1-0

[Event "Titled Tuesday intern op 11th Apr Early"]
[Site "Chess.com INT"]
[Date "2023.04.11"]
[Round "4"]
[White "Mkrtchyan, Mikayel"]
[Black "Lorenzo de la Riva, Lazaro"]
[Result "0-1"]
[WhiteElo "1940"]
[BlackElo "2417"]
[PlyCount "96"]
[EventDate "2023.04.11"]
[EventType "swiss (blitz)"]
[EventRounds "11"]
[EventCountry "USA"]
[SourceTitle "CBM 213 Extra"]
[Source "ChessBase"]
[SourceDate "2023.05.31"]
[SourceVersion "1"]
[SourceVersionDate "2023.05.31"]
[SourceQuality "1"]

1. e4 c6 2. d4 d5 3. e5 Bf5 4. Nf3 e6 5. Be2 Nd7 6. c3 h6 7. 0-0 Ne7 8. a4 a5 9. Na3 Bh7 10. Bd3 Bxd3 11. Qxd3 Ng6 12. Ne1 Bxa3 13. Rxa3 Qb6 14. Nc2 c5 15. Be3 c4 16. Qd2 Qxb2 17. f4 Ne7 18. Raa1 Qb6 19. g4 g6 20. Na3 h5 21. h3 hxg4 22. hxg4 Nc8 23. Nb5 Qd8 24. Qg2 Nf8 25. Kf2 Kd7 26. Rh1 Rxh1 27. Rxh1 Qe7 28. f5 gxf5 29. gxf5 Nb6 30. f6 Qd8 31. Qg7 Kc6 32. Qxf7 Qd7 33. Qxd7+ Nfxd7 34. Ra1 Nxa4 35. Nd6 Nxc3 36. f7 Ne4+ 37. Nxe4 dxe4 38. Rg1 Rf8 39. Rg7 b5 40. Kg3 Kd5 41. Kf4 c3 42. Bc1 b4 43. Ke3 a4 44. Rg8 Rxf7 45. Ra8 Rf3+ 46. Ke2 Kc4 47. Rxa4 Nb6 48. Ra6 Nd5 0-1

[Event "Titled Tuesday intern op 14th Mar Early"]
[Site "Chess.com INT"]
[Date "2023.03.14"]
[Round "8"]
[White "Baruch, Liam"]
[Black "Mkrtchyan, Mikayel"]
[Result "1-0"]
[WhiteElo "1718"]
[BlackElo "1946"]
[PlyCount "97"]
[EventDate "2023.03.14"]
[EventType "swiss (blitz)"]
[EventRounds "11"]
[EventCountry "USA"]
[SourceTitle "EXT 2024"]
[Source "ChessBase"]
[SourceDate "2023.10.10"]
[SourceVersion "1"]
[SourceVersionDate "2023.10.10"]
[SourceQuality "1"]

1. e4 c5 2. Nf3 d6 3. d4 cxd4 4. Nxd4 Nf6 5. Nc3 a6 6. Be2 e5 7. Nb3 Be7 8. 0-0 Be6 9. Re1 0-0 10. Bf1 Nbd7 11. Nd5 Nxd5 12. exd5 Bf5 13. c3 Bg6 14. a4 f5 15. f4 Bf6 16. a5 b5 17. axb6 Qxb6+ 18. Be3 Qc7 19. Rxa6 Rxa6 20. Bxa6 exf4 21. Bd4 Ne5 22. Be2 Rb8 23. Qc2 f3 24. Bxf3 Nxf3+ 25. gxf3 Qc4 26. Bxf6 Qxb3 27. Qxb3 Rxb3 28. Be7 Rxb2 29. Bxd6 Bf7 30. Rd1 g5 31. Be5 Rb5 32. d6 Be6 33. Bf6 Kf7 34. Bxg5 Ke8 35. Be7 Kd7 36. Kf2 f4 37. Rd2 Rc5 38. Rc2 Bf5 39. Ra2 Rxc3 40. Ra7+ Ke6 41. Ra2 h5 42. Re2+ Kd7 43. Bf8 Be6 44. h4 Bd5 45. Re7+ Kd8 46. Bg7 Rxf3+ 47. Ke2 Ra3 48. Bf6 Ra2+ 49. Ke1 1-0

[Event "Titled Tuesday intern op 7th Mar Late"]
[Site "Chess.com INT"]
[Date "2023.03.07"]
[Round "5"]
[White "Mkrtchyan, Mikayel"]
[Black "Fernandez Garcia, Gumersindo"]
[Result "1-0"]
[WhiteElo "1946"]
[BlackElo "2172"]
[PlyCount "119"]
[EventDate "2023.03.07"]
[EventType "swiss (blitz)"]
[EventRounds "11"]
[EventCountry "USA"]
[SourceTitle "EXT 2024"]
[Source "ChessBase"]
[SourceDate "2023.10.10"]
[SourceVersion "1"]
[SourceVersionDate "2023.10.10"]
[SourceQuality "1"]

1. e4 c5 2. Nf3 g6 3. d4 cxd4 4. Nxd4 Bg7 5. c4 Nc6 6. Be3 Nf6 7. Nc3 Ng4 8. Qxg4 Nxd4 9. Bd3 d5 10. Qd1 dxe4 11. Bxe4 0-0 12. 0-0 e5 13. Qd2 f5 14. Bd5+ Kh8 15. f4 Be6 16. fxe5 Bxd5 17. cxd5 b5 18. Qxd4 a6 19. Rfe1 Rc8 20. Rad1 Rc4 21. Qa7 f4 22. Bc5 Re8 23. e6 f3 24. Bd4 Rxd4 25. Rxd4 f2+ 26. Kxf2 Qf6+ 27. Ke3 Qg5+ 28. Kd3 Bh6 29. Re2 Qc1 30. Qf7 Rf8 31. e7 Rxf7 32. e8Q+ Rf8 33. Qe5+ Bg7 34. Qe3 Qf1 35. Re4 b4 36. Re8 bxc3 37. Rxf8+ Bxf8 38. Qe5+ Bg7 39. Qb8+ Bf8 40. Qe5+ Bg7 41. Qe8+ Bf8 42. bxc3 Qd1+ 43. Kc4 Kg7 44. Re4 Qf1+ 45. Kb3 Qb1+ 46. Kc4 Qf1+ 47. Kd4 Qf2+ 48. Re3 Qd2+ 49. Rd3 Qf4+ 50. Qe4 Bc5+ 51. Kxc5 Qxe4 52. Rd4 Qc2 53. c4 Qa4 54. d6 Qd7 55. Kd5 Kf6 56. Rf4+ Kg5 57. Re4 Qf5+ 58. Re5 Kf6 59. Rxf5+ gxf5 60. Kc6 1-0